000
00315nam a22001457a 4500
003
SGT
082
_a
516,SIN
100
_a
SINGH,BHUPENDRA
245
_a
GEOMETRY AND VECTOR CALCULUS
250
_a
1ST
260
_a
MEERUIT
_b
PRAGATI PRAKASHAN
_c
2016
300
_a
V.P.
650
_a
MATHEMATICS
942
_2
ddc
_c
FPS
999
_c
10049
_d
10049